| 000 | 00813nam a2200241 i 4500 | ||
|---|---|---|---|
| 001 | 69030 | ||
| 003 | ES-MaACL | ||
| 005 | 20230906170422.0 | ||
| 007 | t| | ||
| 008 | 150310s1969 fr ||||1| fre d | ||
| 100 | 0 |
_aPernoud, Régine. _991309 |
|
| 245 | 1 | 3 |
_aLa libération d'Orléans _b: 8 mai 1429 / _cRégine Pernoud. |
| 260 |
_aParis : _bGallimard, _cimpr. 1969. |
||
| 300 |
_a340 p. : _bil. ; _c21 cm. |
||
| 490 | 1 |
_aTrente journées qui ont fait la France ; _v9 |
|
| 504 | _aBibliogr. p. 309-313. | ||
| 600 | 0 | 4 |
_aJuana de Arco, _cSanta. _9165346 |
| 651 | 4 |
_aFrancia- _xHistoria- _y1422-1461, Carlos VII. _9156520 |
|
| 651 | 4 |
_aOrléans- _xHistoria- _y1428-1429, Sitio. _9156521 |
|
| 830 | 0 |
_aTrente journées qui ont fait la France ; _v9 _9182109 |
|
| 852 |
_aES-MaACL _jE-15458 |
||
| 999 |
_c69030 _d69030 |
||